000
00324nam a22001457a 4500
008
210519b ||||| |||| 00| 0 eng d
020
_a
9780670854349
041
_a
eng
080
_a
94
082
_a
94
100
_a
16
101
_a
SHH
245
_a
Herstory Women who Changed the World
_c
Ruth Ashby
942
_2
udc
_c
BK
999
_c
57496
_d
57496